00454nam a2200121Ia 4500008004100000245012200041260002400163260000900187300000800196650002300204650001200227856009300239170516s9999 xx 000 0 und d aNewly recognized cerebral infarctions on postmortem imaging: a report of three cases with systemic infectious disease bBMC Medical Imaging c2017 a17: xMedical Technology xMedtech uhttp://bmcmedimaging.biomedcentral.com/articles?query=&volume=17&searchType=&tab=keyword